Ecología y evolución de interacciones planta-animal

Saved in:
Bibliografiske detaljer
Andre forfattere: Medel Contreras, Rodrigo (Editor), Aizen, Marcelo A (Editor), Zamora, Regino (Editor)
Format: Bog
Sprog:spansk
Udgivet: Santiago,Chile: Universitaria, 2009.
Fag:
Tags: Tilføj Tag
Ingen Tags, Vær først til at tagge denne postø!

MARC

LEADER 00000cam a2200000 a 4500
001 UCD1872
003 CL-VaPUC
005 20230111093506.0
008 160407e20090000cl |||||||||||||||||spa|d
999 |c 363080  |d 363078 
020 |a 9789561120921 
040 |c Pontificia Universidad Católica de Valparaíso 
082 0 4 |a 577 MED 2009  |2 21 
100 |a Medel Contreras, Rodrigo  |e editor  |9 585021 
245 1 0 |a Ecología y evolución de interacciones planta-animal 
260 |a Santiago,Chile:  |b Universitaria,  |c 2009. 
300 |a 399 páginas. 
583 |c 20230104 
650 0 |a Ecología   |9 258124 
650 0 |a Ecología de las plantas  |2 CL-VaPUC  |9 482942 
650 0 |a Ecología animal  |2 CL-VaPUC  |9 746813 
700 0 |a Aizen, Marcelo A  |9 585022  |e editor 
700 0 |a Zamora, Regino  |9 585023  |e editor 
942 |c BK  |2 ddc 
945 |d 20160407 22:05:00  |a cmena 
952 |0 0  |1 0  |2 ddc  |3 erb  |4 0  |6 577_000000000000000_MED_2009  |7 0  |8 A  |9 474828  |a BIBCUR  |b BIBCUR  |i 5280192  |l 6  |m 1  |o 577 MED 2009  |p 5280192  |r 2025-04-22  |s 2022-07-07  |t 1  |w 2019-11-24  |y BK  |z Catalogado en:20160407  |k BIO 
952 |0 0  |1 0  |2 ddc  |3 erb  |4 0  |6 577_000000000000000_MED_2009  |7 0  |8 A  |9 474829  |a BIBCUR  |b BIBCUR  |i 5280206  |o 577 MED 2009  |p 5280206  |r 2025-04-22  |t 2  |w 2019-11-24  |y BK  |z Catalogado en:20160407  |k BIO 
952 |0 0  |1 0  |2 ddc  |4 0  |6 577_000000000000000_MED_2009  |7 0  |8 A  |9 588516  |a BIBCUR  |b BIBCUR  |c GEN  |d 2023-01-04  |e 3  |g 10871.00  |i 5656297  |o 577 MED 2009  |p 5656297  |r 2024-01-29  |t 4  |v 10871.00  |w 2023-01-04  |y BK  |k BIO 
952 |0 0  |1 0  |2 ddc  |4 0  |6 577_000000000000000_MED_2009  |7 0  |8 A  |9 588517  |a BIBCUR  |b BIBCUR  |c GEN  |d 2023-01-04  |e 3  |g 10871.00  |i 5656299  |o 577 MED 2009  |p 5656299  |r 2024-01-29  |t 6  |v 10871.00  |w 2023-01-04  |y BK  |k BIO 
952 |0 0  |1 0  |2 ddc  |4 0  |6 577_000000000000000_MED_2009  |7 0  |8 A  |9 588518  |a BIBCUR  |b BIBCUR  |c GEN  |d 2023-01-04  |e 3  |g 10871.00  |i 5656298  |o 577 MED 2009  |p 5656298  |r 2024-01-29  |t 5  |v 10871.00  |w 2023-01-04  |y BK  |k BIO 
952 |0 0  |1 0  |2 ddc  |4 0  |6 577_000000000000000_MED_2009  |7 0  |8 A  |9 588519  |a BIBCUR  |b BIBCUR  |c GEN  |d 2023-01-04  |e 3  |g 10871.00  |i 5656296  |o 577 MED 2009  |p 5656296  |r 2024-01-29  |t 3  |v 10871.00  |w 2023-01-04  |y BK  |k BIO 
952 |0 0  |1 0  |2 ddc  |4 0  |6 577_000000000000000_MED_2009  |7 0  |8 A  |9 592779  |a BIBCUR  |b BIBCUR  |c GEN  |d 2023-12-07  |e 13  |g 12627.00  |i 5659758  |o 577 MED 2009  |p 5659758  |r 2025-04-22  |t 8  |v 12627.00  |w 2023-12-07  |y BK  |k BIO 
952 |0 0  |1 0  |2 ddc  |4 0  |6 577_000000000000000_MED_2009  |7 0  |8 A  |9 592780  |a BIBCUR  |b BIBCUR  |c GEN  |d 2023-12-07  |e 13  |g 12627.00  |i 5659759  |l 1  |o 577 MED 2009  |p 5659759  |r 2025-04-22  |s 2024-04-04  |t 7  |v 12627.00  |w 2023-12-07  |y BK  |k BIO 
952 |0 0  |1 0  |2 ddc  |4 0  |6 577_000000000000000_MED_2009  |7 0  |8 A  |9 592781  |a BIBCUR  |b BIBCUR  |c GEN  |d 2023-12-07  |e 13  |g 12627.00  |i 5659756  |l 4  |o 577 MED 2009  |p 5659756  |r 2025-04-23  |s 2025-04-23  |t 10  |v 12627.00  |w 2023-12-07  |y BK  |k BIO 
952 |0 0  |1 0  |2 ddc  |4 0  |6 577_000000000000000_MED_2009  |7 0  |8 A  |9 592782  |a BIBCUR  |b BIBCUR  |c GEN  |d 2023-12-07  |e 13  |g 12627.00  |i 5659757  |o 577 MED 2009  |p 5659757  |r 2025-04-22  |t 9  |v 12627.00  |w 2023-12-07  |y BK  |k BIO